Central Library OPAC University of Rajshahi

Jinnah and the creation of Pakistan / (Record no. 29190)

MARC details
000 -LEADER
fixed length control field 00963nam a2200289 a 4500
001 - CONTROL NUMBER
control field 29190
003 - CONTROL NUMBER IDENTIFIER
rucl marc code BD-RjUL
005 - DATE AND TIME OF LATEST TRANSACTION
control field 20211209051401.0
008 - FIXED-LENGTH DATA ELEMENTS--GENERAL INFORMATION
fixed length control field 140402s1983 ii b 001 0beng
035 ## - SYSTEM CONTROL NUMBER
System control number (BD-RjUL)
040 ## - CATALOGING SOURCE
Original cataloging agency LC
Language of cataloging eng
Transcribing agency LC
Modifying agency ANL
-- BD-RjUL
041 ## - LANGUAGE CODE
Language code of text/sound track or separate title eng
082 04 - DEWEY DECIMAL CLASSIFICATION NUMBER
Classification number 954.0350924
Edition number 19
Author mark and year PAJ 1983
100 1# - MAIN ENTRY--PERSONAL NAME
Personal name Pal, J. J.
9 (RLIN) 89115
245 10 - TITLE STATEMENT
Title Jinnah and the creation of Pakistan /
Statement of responsibility, etc. J.J. Pal.
250 ## - EDITION STATEMENT
Edition statement 1st ed.
260 ## - PUBLICATION, DISTRIBUTION, ETC. (IMPRINT)
Place of publication, distribution, etc. Delhi :
Name of publisher, distributor, etc. Sidhuram Publications,
-- Sole distributors, Usha Book Distributors,
Date of publication, distribution, etc. 1983.
300 ## - PHYSICAL DESCRIPTION
Pagination viii, 172 p. ;
Size 23 cm.
504 ## - BIBLIOGRAPHY, ETC. NOTE
Bibliography, etc Bibliography: p. [155]-167.and index.
600 10 - SUBJECT ADDED ENTRY--PERSONAL NAME
Personal name Jinnah, Mahomed Ali,
Dates associated with a name 1876-1948.
650 #0 - SUBJECT ADDED ENTRY--TOPICAL TERM
Topical term or geographic name as entry element Pakistan movement.
9 (RLIN) 89116
Topical term or geographic name as entry element Statesmen
Geographic subdivision Pakistan
General subdivision Biography.
9 (RLIN) 82195
651 #0 - SUBJECT ADDED ENTRY--GEOGRAPHIC NAME
Geographic name India
General subdivision Politics and government
Chronological subdivision 1857-1919.
9 (RLIN) 89117
Geographic name India
General subdivision Politics and government
Chronological subdivision 1919-1947.
9 (RLIN) 89118
942 ## - ADDED ENTRY ELEMENTS (KOHA)
Source of classification or shelving scheme Dewey Decimal Classification
Koha item type Books
Holdings
Lost status Source of classification or shelving scheme Damaged status Not for loan Collection code Permanent Location Current Location Shelving location Date acquired Source of acquisition Cost, normal purchase price Total Checkouts Full call number Date last seen Copy number Koha item type
  Dewey Decimal Classification   Not For Loan Non-fiction Central Library, University of Rajshahi Central Library, University of Rajshahi Reading Room 06/10/1988 University Press Ltd., Dhaka. 495.00   954.0350924 PAJ 1983 10/04/2014 C-1 Books